000 00531nam a2200193Ia 4500
003 LK-CoDNM
005 20240313094014.0
008 010623t1897 xxu||||| |||| 00| 1 sin d
040 _aLK-CoDNM
_dLK-CoDNM
_eLK-CoDNM
041 _asin
080 _a104 DD1
245 _aබැප්ටිස්ට් ප්‍ර‍වෘත්ති
246 _aBaptist Intelligencer
260 _bSocial press
_aColombo
_c1897-Mar
300 _bDamaged
_a4p.,27 cm
650 _aCeylon baptist union
650 _aChristian
942 _cBK
999 _c84534
_d84534